| 000 | 00798nam a2200181 i 4500 | ||
|---|---|---|---|
| 001 | 160950 | ||
| 003 | ES-MaACL | ||
| 005 | 20240710063032.0 | ||
| 008 | 041006s1870 sw |||| | fre d | ||
| 100 | 1 |
_aOlivecrona, Knut, _d1817-1905 _9166991 |
|
| 245 | 1 | 0 |
_aNotices statistiques sur l'application de la peine de mort et Norvége / _cpar K. d'Olivecrona. |
| 260 |
_aStockholm : _bA. Bonnier & Co. ; _aParis : _bA. Durand & Pédone-Lauriel, _c1870 ( _fImprimerie de S. Flodin) |
||
| 300 |
_a18 cm ; _c22 cm. |
||
| 595 | _aExtrait de la Revue suédoise de Législation, etc., pour 1869. | ||
| 650 | 4 |
_aPena de muerte- _zNoruega. _9148489 |
|
| 852 |
_aES-MaACL _jD-221(11) _z- Forma parte de la col. facticia: "Estudios penitenciarios" _z. - Donativo Lastres |
||
| 999 |
_c160950 _d160950 |
||